000 00450nam a22001697a 4500
003 OSt
005 20260416051633.0
008 260416b |||||||| |||| 00| 0 eng d
020 _a0-446-61270-7
040 _aDWCL-Main Lib
_cOC
082 _aFic. Sp736 2002
100 _aSparks, Nicholas
245 _aNights in Rodanthe /
260 _aNew York :
_bGrand Central Publishing,
_cc2002.
300 _a222 p. ;
_c17 cm.
942 _2ddc
_cFIC.
_mFic.
_n0
999 _c9497
_d9497